00655nam a2200193Ia 4500008004100000020001800041082001400059100003600073245004500109250000800154260003900162300003000201500000700231600002100238650005000259942000700309952012800316999001700444240925s9999 xx 000 0 und d a9788131790540 a004.6 KUR aKurose F. James; Ross W. Keith 0aComputer Networking: a top down approach a5th aLondon:bPearson educationc,2010. axxvii,553p.bNAfOriginal aNA aComputer Science aComputer science, information & general works cBK 001040708CSaUITUbUITUd2014-03-03eFair Book Centerg1150.00l0o004.6 KURpQ9831r2024-09-25 07:15:28w2024-09-25yBK c12330d12330